[Event "St Petersburg Korchnoi Memorial op"]
[Site "St Petersburg"]
[Date "2023.08.21"]
[Round "5"]
[White "Yashchuk, Mikhail"]
[Black "Chmilenko, Dmitriy"]
[Result "1-0"]
[WhiteElo "1850"]
[BlackElo "1488"]
[PlyCount "85"]
[EventDate "2023.08.18"]
[EventType "swiss"]
[EventRounds "9"]
[EventCountry "RUS"]
[SourceTitle "EXT 2024"]
[Source "ChessBase"]
[SourceDate "2023.10.10"]
[SourceVersion "1"]
[SourceVersionDate "2023.10.10"]
[SourceQuality "1"]

1. e4 c5 2. Nf3 e6 3. d4 cxd4 4. Nxd4 a6 5. c4 Nf6 6. Bd3 Nc6 7. Nc2 b5 8. Nc3 bxc4 9. Bxc4 Ne5 10. Be2 Bb7 11. Qd4 d6 12. 0-0 Be7 13. h3 0-0 14. Be3 Ned7 15. Rfd1 Rc8 16. Rac1 Nc5 17. f3 e5 18. Qd2 Ne6 19. Nb4 a5 20. Nbd5 Nxd5 21. Nxd5 Rxc1 22. Nxe7+ Qxe7 23. Rxc1 f5 24. exf5 Rxf5 25. Bc4 Kh8 26. Bd5 Bxd5 27. Qxd5 h6 28. Rc6 Nf4 29. Bxf4 Rxf4 30. Qxd6 Qa7+ 31. Qc5 Qb7 32. Rxh6+ gxh6 33. Qxe5+ Kh7 34. Qxf4 Qb6+ 35. Kh2 Kg8 36. b3 Kg7 37. Qe5+ Kf7 38. h4 Qf2 39. Qh5+ Kg7 40. Qg4+ Kf6 41. Qf4+ Kg7 42. Qg3+ Qxg3+ 43. Kxg3 1-0

[Event "St Petersburg Korchnoi Memorial op"]
[Site "St Petersburg"]
[Date "2023.08.18"]
[Round "1"]
[White "Yashchuk, Mikhail"]
[Black "Suleymanov, Magomed"]
[Result "1/2-1/2"]
[WhiteElo "1850"]
[BlackElo "1018"]
[PlyCount "106"]
[EventDate "2023.08.18"]
[EventType "swiss"]
[EventRounds "9"]
[EventCountry "RUS"]
[SourceTitle "EXT 2024"]
[Source "ChessBase"]
[SourceDate "2023.10.10"]
[SourceVersion "1"]
[SourceVersionDate "2023.10.10"]
[SourceQuality "1"]

1. e4 e5 2. Nf3 Nc6 3. d4 exd4 4. Nxd4 Nf6 5. Nxc6 bxc6 6. Qe2 d5 7. exd5+ Be7 8. dxc6 0-0 9. Qd3 Bb4+ 10. c3 Re8+ 11. Be3 Qxd3 12. Bxd3 Bc5 13. 0-0 Bxe3 14. fxe3 Rxe3 15. Bc4 Be6 16. Na3 Rb8 17. Rfd1 Bxc4 18. Nxc4 Re6 19. Na5 Rxb2 20. Rdb1 Ree2 21. Rxb2 Rxb2 22. Rd1 g6 23. a3 Rc2 24. Rd8+ Kg7 25. Rc8 Rxc3 26. Rxc7 Rxa3 27. Rxa7 Rc3 28. h3 Nd5 29. Rb7 Rc5 30. Ra7 Nb4 31. Kh2 Nxc6 32. Nxc6 Rxc6 33. Rb7 h5 34. h4 Rc4 35. Kh3 Rf4 36. Ra7 Kh6 37. Rb7 g5 38. hxg5+ Kxg5 39. Rb5+ Rf5 40. Rb8 Rf1 41. Kh2 Rf6 42. Rb5+ Rf5 43. Rb8 Kg4 44. Rg8+ Rg5 45. Rb8 h4 46. Rb4+ Kh5 47. Rb8 f5 48. Rh8+ Kg4 49. Rb8 f4 50. Rb3 Re5 51. Rb8 h3 52. Rg8+ Kf5 53. Kxh3 Re3+ 1/2-1/2

[Event "MSU Interuniversity Cup"]
[Site "Moscow RUS"]
[Date "2023.05.16"]
[Round "3.4"]
[White "Yashchuk, Mikhail"]
[Black "Barseghyan, Armen Ar"]
[Result "0-1"]
[WhiteElo "1850"]
[BlackElo "2373"]
[PlyCount "142"]
[EventDate "2023.05.15"]
[EventType "team (rapid)"]
[EventRounds "9"]
[EventCountry "RUS"]
[SourceTitle "CBM 214 Extra"]
[Source "ChessBase"]
[SourceDate "2023.07.31"]
[SourceVersion "1"]
[SourceVersionDate "2023.07.31"]
[SourceQuality "1"]
[WhiteTeam "Belarus"]
[BlackTeam "Armenia"]
[WhiteTeamCountry "BLR"]
[BlackTeamCountry "ARM"]

1. e4 c5 2. Nf3 Nc6 3. d4 cxd4 4. Nxd4 g6 5. c4 Nf6 6. Nc3 d6 7. Be2 Nxd4 8. Qxd4 Bg7 9. Be3 0-0 10. Qd3 a5 11. 0-0 a4 12. Rac1 Bd7 13. f3 Qa5 14. Rfd1 Bc6 15. Bd4 Rfc8 16. Rc2 Nd7 17. Bxg7 Kxg7 18. Qd4+ Kg8 19. Kh1 Qb6 20. Qxb6 Nxb6 21. Nb1 Bd7 22. Na3 Be6 23. Kg1 Rc5 24. Kf2 Rac8 25. Rdc1 f5 26. b3 axb3 27. axb3 fxe4 28. fxe4 Ra5 29. Nb5 Bd7 30. Nd4 Bc6 31. Ke3 e5 32. Nf3 Ra3 33. Rc3 Nd7 34. b4 Rxc3+ 35. Rxc3 Nf6 36. Nd2 Ra8 37. Bf3 Kf7 38. c5 dxc5 39. Rxc5 Nd7 40. Rc3 Ra4 41. Rb3 Nb6 42. Be2 Ke7 43. Nc4 Nxc4+ 44. Bxc4 b6 45. Be2 Bd7 46. h4 Be6 47. Rb2 h5 48. Kf2 Kf6 49. g3 Ke7 50. Ke3 Bg4 51. Bc4 Ra3+ 52. Kf2 Rf3+ 53. Kg2 Re3 54. Bd5 Be6 55. Bb7 Rc3 56. Kf2 b5 57. Kg2 Bc4 58. Kf2 Kd6 59. Rd2+ Kc7 60. Bd5 Rb3 61. Bxc4 bxc4 62. Rd5 Rxb4 63. Rxe5 Kc6 64. Re6+ Kc5 65. Ke3 Rb3+ 66. Kf4 c3 67. Re8 Kc4 68. Rc8+ Kd3 69. Kg5 c2 70. Rd8+ Kxe4 71. Rc8 Rxg3+ 0-1

[Event "BLR-ch U18"]
[Site "Minsk"]
[Date "2021.02.12"]
[Round "9"]
[White "Navumenka, Mikhei"]
[Black "Yashchuk, Mikhail"]
[Result "1/2-1/2"]
[WhiteElo "2072"]
[BlackElo "1894"]
[PlyCount "97"]
[EventDate "2021.02.04"]
[EventType "swiss"]
[EventRounds "9"]
[EventCountry "BLR"]
[SourceTitle "EXT 2022"]
[Source "ChessBase"]
[SourceDate "2021.10.06"]
[SourceVersion "1"]
[SourceVersionDate "2021.10.06"]
[SourceQuality "1"]

1. d4 Nf6 2. Nf3 e6 3. c4 Bb4+ 4. Bd2 Qe7 5. g3 Bxd2+ 6. Qxd2 b6 7. Nc3 Bb7 8. Bg2 d6 9. 0-0 Nbd7 10. Qc2 e5 11. e4 0-0 12. Nd5 Nxd5 13. cxd5 Rfc8 14. dxe5 dxe5 15. Bh3 f6 16. Nh4 g6 17. f4 Re8 18. Be6+ Kh8 19. Rac1 Qc5+ 20. Qxc5 Nxc5 21. fxe5 Nxe6 22. dxe6 Rxe6 23. Rxc7 Bxe4 24. exf6 a6 25. Re1 Rae8 26. Nf3 Rxf6 27. Ng5 Bc6 28. Rxe8+ Bxe8 29. Rxh7+ Kg8 30. Re7 Bb5 31. Re6 Rf1+ 32. Kg2 Rb1 33. Rxg6+ Kh8 34. Rh6+ Kg7 35. Rxb6 Rxb2+ 36. Kg1 Rb1+ 37. Kf2 Rb2+ 38. Ke3 Rxh2 39. Kf4 Rxa2 40. Ne6+ Kf7 41. Nd4 Bd7 42. Rb7 Ke8 43. Ke5 Rg2 44. Kd6 Bg4 45. Rb3 Kf7 46. Ke5 Bd7 47. Kf4 Rf2+ 48. Kg5 a5 49. Rb7 1/2-1/2